| 000 | 01301cam a2200325 a 4500 | ||
|---|---|---|---|
| 001 | 12675633 | ||
| 003 | OSt | ||
| 005 | 20240617100942.0 | ||
| 008 | 020211s2001 enka b 001 0 eng | ||
| 010 | _a 2002276171 | ||
| 020 | _a0521002648 (pbk.) | ||
| 020 | _a052181040X (hardback) | ||
| 040 |
_aDLC _cMUST _dDLC |
||
| 082 | 0 | 0 |
_a516 _bPOR 2001 |
| 100 | 1 |
_aPorteous, Ian R. _917288 |
|
| 245 | 1 | 0 |
_aGeometric differentiation : _bfor the intelligence of curves and surfaces / _cI.R. Porteous. |
| 250 | _a2nd ed. | ||
| 260 |
_aCambridge, UK ; _aNew York : _bCambridge University Press, _c2001. |
||
| 300 |
_axv, 333 p. : _bill. ; _c23 cm. |
||
| 504 | _aIncludes bibliographical references (p. 320-326) and index. | ||
| 650 | 0 |
_aGeometry, Differential. _917145 |
|
| 650 | 0 |
_aCurves. _917289 |
|
| 650 | 0 |
_aSurfaces. _917290 |
|
| 856 | 4 | 1 |
_3Sample text _uhttp://www.loc.gov/catdir/samples/cam031/2002276171.html |
| 856 | 4 | 2 |
_3Publisher description _uhttp://www.loc.gov/catdir/description/cam022/2002276171.html |
| 856 | 4 | 1 |
_3Table of contents _uhttp://www.loc.gov/catdir/toc/cam026/2002276171.html |
| 906 |
_a7 _bcbc _corigcop _d2 _encip _f20 _gy-gencatlg |
||
| 942 |
_2ddc _cO_SHELF |
||
| 999 |
_c8512 _d8512 |
||